Houston Texans Starting Quarterbacks of Super Bowl Era - Statistics

General Stats
  • This quiz has been taken 177 times
    104 since last reset
  • The average score is 10 of 22
Answer Stats
Answer % Correct
Deshaun Watson
99%
CJ Stroud
96%
David Carr
94%
Matt Schaub
94%
Davis Mills
82%
Brock Osweiler
63%
Case Keenum
63%
Case Keenum
63%
Ryan Fitzpatrick
61%
Tyrod Taylor
42%
Brian Hoyer
36%
Tom Savage
34%
TJ Yates
31%
Sage Rosenfels
25%
Ryan Mallet
19%
Kyle Allen
18%
Brandon Weeden
13%
Jeff Driskel
13%
Tony Banks
12%
AJ McCarron
10%
Dave Ragone
10%
Matt Leinart
9%
No matching quizzes found
Score Distribution
Percent of People with Each Score
Percentile by Number Answered
Your Score History
You have not taken this quiz since the last reset